[Event "Ski Follosjakken Grand Prix 3 B"]
[Site "Ski"]
[Date "2018.09.08"]
[Round "1"]
[White "Pedersen, Ole Petter"]
[Black "Digernes, Mikael"]
[Result "0-1"]
[WhiteElo "1534"]
[BlackElo "1332"]
[PlyCount "142"]
[EventDate "2018.09.08"]
[EventType "swiss (rapid)"]
[EventRounds "6"]
[EventCountry "NOR"]
[SourceTitle "EXT 2024"]
[Source "ChessBase"]
[SourceDate "2023.10.10"]
[SourceVersion "1"]
[SourceVersionDate "2023.10.10"]
[SourceQuality "1"]

1. d4 Nf6 2. c4 g6 3. Nc3 Bg7 4. e4 d6 5. Be2 Nbd7 6. Nf3 0-0 7. 0-0 c5 8. d5 Qb6 9. Qc2 a6 10. Bg5 Qc7 11. a4 Re8 12. Rfd1 a5 13. Nb5 Qd8 14. Bd3 Nb6 15. h3 Bd7 16. Re1 Bxb5 17. axb5 Nbd7 18. Rad1 Nh5 19. b3 Ne5 20. Nxe5 Bxe5 21. Bc1 Qd7 22. Bb2 Bxb2 23. Qxb2 a4 24. bxa4 Rxa4 25. Ra1 Rea8 26. Rxa4 Rxa4 27. Ra1 Rxa1+ 28. Qxa1 Qc8 29. e5 Nf4 30. Bf1 Qb8 31. exd6 exd6 32. Qf6 Nh5 33. Qe7 Kg7 34. Be2 Nf6 35. Kh2 Qe8 36. Qxe8 Nxe8 37. Kg3 f5 38. Kf4 Kf6 39. h4 h6 40. g4 g5+ 41. hxg5+ hxg5+ 42. Kg3 f4+ 43. Kf3 Ng7 44. b6 Ke5 45. Bd3 Kd4 46. Ke2 Ne8 47. Bf5 Kxc4 48. Bc8 Nf6 49. Bxb7 Kb5 50. f3 Kxb6 51. Bc8 Nxd5 52. Be6 Nb4 53. Kd2 d5 54. Kc3 Kb5 55. Bd7+ Nc6 56. Kb3 Kb6 57. Ka4 d4 58. Be6 d3 59. Kb3 Ne5 60. Kc3 Kb5 61. Bd5 c4 62. Bg8 Ka4 63. Be6 Ka3 64. Bc8 Ka2 65. Ba6 Kb1 66. Bb5 Kc1 67. Ba4 Nxf3 68. Kxc4 d2 69. Kd3 d1Q+ 70. Bxd1 Kxd1 71. Ke4 Nh2 0-1

[Event "NOR-ch Class2"]
[Site "Sarpsborg"]
[Date "2018.07.08"]
[Round "3"]
[White "Midtstue, Lasse"]
[Black "Pedersen, Ole Petter"]
[Result "1-0"]
[WhiteElo "1772"]
[BlackElo "1655"]
[PlyCount "45"]
[EventDate "2018.07.07"]
[EventType "swiss"]
[EventRounds "9"]
[EventCountry "NOR"]
[SourceTitle "EXT 2024"]
[Source "ChessBase"]
[SourceDate "2023.10.10"]
[SourceVersion "1"]
[SourceVersionDate "2023.10.10"]
[SourceQuality "1"]

1. e4 e6 2. d4 d5 3. Nd2 Nf6 4. e5 Nfd7 5. Bd3 c5 6. c3 Nc6 7. Ne2 Be7 8. 0-0 Qb6 9. Nf3 f6 10. Nf4 fxe5 11. Nxe5 Ndxe5 12. dxe5 g6 13. Re1 Bd7 14. Qg4 0-0-0 15. b4 c4 16. Bf1 Rdf8 17. a4 Rf5 18. Be3 Qc7 19. Nh3 Nxe5 20. Qd4 b6 21. a5 Kb7 22. axb6 Qxb6 23. Rxa7+ 1-0

[Event "Oslo OSS GP"]
[Site "Oslo"]
[Date "2017.12.08"]
[Round "1"]
[White "Pedersen, Ole Petter"]
[Black "Stromhaug, Kristoffer Wang"]
[Result "0-1"]
[WhiteElo "1663"]
[BlackElo "1413"]
[PlyCount "59"]
[EventDate "2017.12.08"]
[EventType "swiss"]
[EventRounds "5"]
[EventCountry "NOR"]
[SourceTitle "EXT 2024"]
[Source "ChessBase"]
[SourceDate "2023.10.10"]
[SourceVersion "1"]
[SourceVersionDate "2023.10.10"]
[SourceQuality "1"]

1. Nf3 d5 2. d4 Nf6 3. g3 Nc6 4. Bg2 Bf5 5. c4 dxc4 6. 0-0 e6 7. Bg5 Be7 8. Nc3 Qd7 9. Ne5 Nxe5 10. dxe5 Qxd1 11. Rfxd1 Ng4 12. Bxe7 Kxe7 13. h3 Nxe5 14. g4 Bc2 15. Rd2 Bg6 16. Bxb7 Rab8 17. Bg2 Rhd8 18. Rad1 Rxd2 19. Rxd2 f6 20. f4 Nf7 21. Bc6 Nd6 22. Kf2 f5 23. Ke3 h6 24. Kd4 Rd8 25. Kc5 Nb7+ 26. Bxb7 Rxd2 27. Kxc4 Rxb2 28. Bf3 Bf7 29. Kc5 Rb6 30. a4 0-1

[Event "Oslo Kampen Autumn"]
[Site "Oslo"]
[Date "2015.11.10"]
[Round "1"]
[White "Wagene, Rune Arild"]
[Black "Pedersen, Ole Petter"]
[Result "0-1"]
[WhiteElo "775"]
[BlackElo "1365"]
[PlyCount "82"]
[EventDate "2015.11.10"]
[EventType "swiss (rapid)"]
[EventRounds "6"]
[EventCountry "NOR"]
[SourceTitle "EXT 2024"]
[Source "ChessBase"]
[SourceDate "2023.10.10"]
[SourceVersion "1"]
[SourceVersionDate "2023.10.10"]
[SourceQuality "1"]

1. e4 e6 2. Nf3 d5 3. exd5 exd5 4. g3 Nf6 5. d3 Bd6 6. Bg2 0-0 7. Bg5 h6 8. Bxf6 Qxf6 9. 0-0 Bg4 10. c3 Nd7 11. Re1 Ne5 12. Nbd2 Nxd3 13. Qa4 Nxe1 14. Rxe1 c6 15. Qxg4 Rae8 16. Rxe8 Rxe8 17. Qd7 Re7 18. Qc8+ Kh7 19. Qg4 a6 20. a4 Bc5 21. Nd4 Re1+ 22. Bf1 Ra1 23. Qf5+ Qxf5 24. Nxf5 Rxa4 25. Bd3 Ra1+ 26. Kg2 Bf8 27. Nd6+ g6 28. Nxb7 Be7 29. b4 Rd1 30. Bxa6 Rxd2 31. Nc5 Bxc5 32. bxc5 Rc2 33. Bb7 Rxc3 34. Bxc6 d4 35. Be4 Rxc5 36. Bd3 Rc3 37. Be4 f5 38. Bb1 d3 39. h4 d2 40. h5 d1Q 41. hxg6+ Kxg6 0-1

[Event "NOR-ch Class3"]
[Site "Oslo"]
[Date "2015.07.10"]
[Round "8"]
[White "Mjaaland, Bendik"]
[Black "Pedersen, Ole Petter"]
[Result "1-0"]
[WhiteElo "1430"]
[BlackElo "1365"]
[PlyCount "42"]
[EventDate "2015.07.04"]
[EventType "swiss"]
[EventRounds "9"]
[EventCountry "NOR"]
[SourceTitle "EXT 2017"]
[Source "ChessBase"]
[SourceDate "2016.10.25"]
[SourceVersion "1"]
[SourceVersionDate "2016.10.25"]
[SourceQuality "1"]

1. e4 e6 2. d3 b6 3. Nd2 Bb7 4. g3 Nf6 5. Bg2 d5 6. Qe2 Be7 7. Ngf3 0-0 8. e5 Nfd7 9. 0-0 c5 10. Re1 Nc6 11. Nf1 Re8 12. h4 Rc8 13. N1h2 Nd4 14. Nxd4 cxd4 15. Bf4 Nc5 16. b3 Nd7 17. a3 Nb8 18. h5 h6 19. Ng4 Bg5 20. Ra2 Qe7 21. Bxd5 Kh8 1-0

[Event "Oslo Spring"]
[Site "Oslo"]
[Date "2015.03.30"]
[Round "6"]
[White "Langhoff, Tobias V"]
[Black "Pedersen, Ole Petter"]
[Result "0-1"]
[WhiteElo "1010"]
[BlackElo "1365"]
[PlyCount "52"]
[EventDate "2015.01.05"]
[EventType "swiss"]
[EventRounds "11"]
[EventCountry "NOR"]
[SourceTitle "EXT 2024"]
[Source "ChessBase"]
[SourceDate "2023.10.10"]
[SourceVersion "1"]
[SourceVersionDate "2023.10.10"]
[SourceQuality "1"]

1. f4 d5 2. Nf3 e6 3. e3 Nf6 4. Bd3 c5 5. Bb5+ Bd7 6. Bxd7+ Nbxd7 7. 0-0 Qb6 8. b3 d4 9. c3 dxe3 10. dxe3 Rd8 11. Qe2 Ne4 12. c4 Be7 13. Bb2 Bf6 14. Ne5 Nxe5 15. fxe5 Be7 16. Qg4 Qc6 17. Qxg7 Rf8 18. Nc3 Nxc3 19. Bxc3 Qe4 20. Rf3 Rd3 21. Bb2 Rxe3 22. Raf1 Rxf3 23. Rxf3 Qb1+ 24. Rf1 Qxb2 25. Rxf7 Qd4+ 26. Kf1 Rxf7+ 0-1

[Event "Oslo Spring"]
[Site "Oslo"]
[Date "2015.02.16"]
[Round "4"]
[White "Pedersen, Ole Petter"]
[Black "Hageland, Harald"]
[Result "0-1"]
[WhiteElo "1365"]
[BlackElo "1130"]
[PlyCount "84"]
[EventDate "2015.01.05"]
[EventType "swiss"]
[EventRounds "11"]
[EventCountry "NOR"]
[SourceTitle "EXT 2024"]
[Source "ChessBase"]
[SourceDate "2023.10.10"]
[SourceVersion "1"]
[SourceVersionDate "2023.10.10"]
[SourceQuality "1"]

1. d4 d5 2. c4 e6 3. Nc3 Nf6 4. Bf4 c6 5. e3 Be7 6. Bd3 Nbd7 7. Nf3 dxc4 8. Bxc4 Nd5 9. Nxd5 exd5 10. Bd3 Qa5+ 11. Nd2 Nf6 12. 0-0 0-0 13. a3 Bg4 14. Qc2 Bh5 15. b4 Qd8 16. b5 cxb5 17. Bxb5 Bg6 18. Qb2 Bd6 19. Bg5 Bxh2+ 20. Kh1 Bd6 21. Be2 Rb8 22. Nf3 Be7 23. Ne5 Ne4 24. Bxe7 Qxe7 25. g3 f6 26. Nxg6 hxg6 27. Kg2 Kf7 28. Bf3 Rh8 29. Rh1 f5 30. Qb3 Qd7 31. Be2 a6 32. Bf3 Rxh1 33. Rxh1 Rc8 34. Bxe4 fxe4 35. Rh4 Qb5 36. Qd1 Qb2 37. Qg4 Rd8 38. Qf4+ Kg8 39. Qc7 Rf8 40. Qd6 Qxf2+ 41. Kh3 Qf1+ 42. Kg4 Qf5# 0-1

[Event "Oslo Spring"]
[Site "Oslo"]
[Date "2015.01.19"]
[Round "2"]
[White "Pedersen, Ole Petter"]
[Black "Gundersen, Vegard"]
[Result "1-0"]
[WhiteElo "1365"]
[BlackElo "1296"]
[PlyCount "59"]
[EventDate "2015.01.05"]
[EventType "swiss"]
[EventRounds "11"]
[EventCountry "NOR"]
[SourceTitle "EXT 2024"]
[Source "ChessBase"]
[SourceDate "2023.10.10"]
[SourceVersion "1"]
[SourceVersionDate "2023.10.10"]
[SourceQuality "1"]

1. d4 Nf6 2. c4 e6 3. Nc3 Bb4 4. a3 Bxc3+ 5. bxc3 c5 6. e3 b6 7. Bd3 Nc6 8. Ne2 0-0 9. 0-0 Ba6 10. e4 Ne8 11. f4 f5 12. exf5 exf5 13. Ng3 g6 14. Qf3 Nf6 15. Re1 Na5 16. Bxf5 gxf5 17. Nxf5 Rf7 18. Nh6+ Kf8 19. Nxf7 Kxf7 20. f5 Qg8 21. Bf4 Bxc4 22. Bd6 Nc6 23. Qxc6 dxc6 24. Re7+ Kf8 25. Rxa7+ Ke8 26. Re1+ Kd8 27. Rxa8+ Kd7 28. Rxg8 Nxg8 29. dxc5 bxc5 30. Bxc5 1-0

[Event "NOR-ch Class3"]
[Site "Lillehammer"]
[Date "2013.06.29"]
[Round "5"]
[White "Pedersen, Ole Petter"]
[Black "Berezkin, Alexander"]
[Result "0-1"]
[WhiteElo "1415"]
[BlackElo "1345"]
[PlyCount "68"]
[EventDate "2013.06.29"]
[EventType "swiss"]
[EventRounds "9"]
[EventCountry "NOR"]
[SourceTitle "EXT 2017"]
[Source "ChessBase"]
[SourceDate "2016.10.25"]
[SourceVersion "1"]
[SourceVersionDate "2016.10.25"]
[SourceQuality "1"]

1. d4 d5 2. c4 Nf6 3. cxd5 Nxd5 4. e4 Nb6 5. Nc3 e6 6. Be3 Bb4 7. Qb3 Qe7 8. Bd3 Bd7 9. Nge2 Ba4 10. Bb5+ Bxb5 11. a3 Bxe2 12. Kxe2 Bxc3 13. bxc3 N8d7 14. c4 c5 15. dxc5 Nxc5 16. Qb5+ Nbd7 17. f3 0-0 18. Rhd1 Rfd8 19. Rd2 b6 20. Rad1 Ne5 21. Rxd8+ Rxd8 22. Rxd8+ Qxd8 23. Bxc5 bxc5 24. Qxc5 Qd3+ 25. Kf2 Qd2+ 26. Kg3 Qg5+ 27. Kh3 h6 28. Qxa7 Ng6 29. Qb8+ Kh7 30. g3 Qc1 31. Qb3 Qf1+ 32. Kg4 h5+ 33. Kg5 f6+ 34. Kxh5 Qh3# 0-1